| 000 | 01184nam a2200325 a 4500 | ||
|---|---|---|---|
| 001 | 000038239 | ||
| 003 | DO-SdBNP | ||
| 005 | 20260321073642.0 | ||
| 008 | 130405s1990 dr 000 0 spa d | ||
| 040 |
_aDO-SdBNP _bspa _cBNPHU |
||
| 082 |
_a320.9729 _bB742p,1990 |
||
| 100 | 1 |
_a Bosch, Juan, _d1909-2001 _976555 |
|
| 245 | 1 | 0 |
_aPoker de espanto en el caribe / _cJuan Bosch. |
| 250 | _a3a ed. | ||
| 260 |
_aSanto Domingo : _bAlfa y Omega, _c1990. |
||
| 300 |
_a217 p. ; _c22 cm. |
||
| 500 | _aIncluye notas al pie de las páginas | ||
| 590 | _aInventariado, 2018/ YL | ||
| 600 | 1 | 4 |
_aPérez Jiménez, Marcos, _d1914-2001 _912694 |
| 600 | 1 | 4 |
_aBatista y Zaldivar, Fulgencio, _d1901 - 1973 _912695 |
| 600 | 1 | 4 |
_aSomoza García, Anatasio, _d1896 - 1956 _912696 |
| 600 | 1 | 4 |
_aTrujillo Molina, Rafael Leónidas, _d 1891-1961 _976764 |
| 651 |
_aRepública Dominicana _xPolítica y gobierno _945 |
||
| 651 | 4 |
_aVenezuela _xPolítica y gobierno _926230 |
|
| 651 | 4 |
_aCuba _xPolítica y gobierno _9541 |
|
| 651 | 4 |
_aNicaragua _xPolítica y gobierno _910690 |
|
| 651 | 0 |
_aCaribe (Región) _xPolítica y gobierno _987401 |
|
| 910 | _aValidado. Control de calidad MFF | ||
| 942 |
_2ddc _cLBS1 |
||
| 999 |
_c37729 _d37729 |
||